Holly, reindeer, and colored lights; (Record no. 1438)

MARC details
000 -LEADER
fixed length control field 00840cam a22002531 4500
005 - DATE AND TIME OF LATEST TRANSACTION
control field 20260322212100.0
008 - FIXED-LENGTH DATA ELEMENTS--GENERAL INFORMATION
fixed length control field data
010 ## - LIBRARY OF CONGRESS CONTROL NUMBER
LC control number 71157731
040 ## - CATALOGING SOURCE
Original cataloging agency DLC
Transcribing agency DLC
Modifying agency DLC
050 00 - LIBRARY OF CONGRESS CALL NUMBER
Classification number GT4985
Item number .B32
082 00 - DEWEY DECIMAL CLASSIFICATION NUMBER
Classification number 394.2663
Edition information 21
092 ## - LOCALLY ASSIGNED DEWEY CALL NUMBER (OCLC)
Classification number 394.26 B32 1971
001 - CONTROL NUMBER
control field data
100 1# - MAIN ENTRY--PERSONAL NAME
Personal name Barth, Edna.
245 10 - TITLE STATEMENT
Title Holly, reindeer, and colored lights;
Remainder of title the story of the Christmas symbols.
Statement of responsibility, etc. Edna Barth & Ursula Arndt.
260 ## - PUBLICATION, DISTRIBUTION, ETC.
Place of publication, distribution, etc. New York,
Name of publisher, distributor, etc. Seabury Press
Date of publication, distribution, etc. [1971]
300 ## - PHYSICAL DESCRIPTION
Extent 96 p.
Other physical details illus. (part col.)
Dimensions 27 cm.
350 ## - PRICE (NR) (BK AM CF MU VM SE) [OBSOLETE]
Price {dollar}4.95
520 ## - SUMMARY, ETC.
Summary, etc. Examines the origins of Christmas symbols--trees, ornaments, Yule logs, Santa Claus, cards, Christmas colors, and many other holiday observances.
650 #0 - SUBJECT ADDED ENTRY--TOPICAL TERM
Topical term or geographic name entry element Christmas
General subdivision Juvenile literature.
650 #1 - SUBJECT ADDED ENTRY--TOPICAL TERM
Topical term or geographic name entry element Christmas.
650 #1 - SUBJECT ADDED ENTRY--TOPICAL TERM
Topical term or geographic name entry element Holidays.
700 1# - ADDED ENTRY--PERSONAL NAME
Personal name Arndt, Ursula,
Relator term ill.
Holdings
Withdrawn status Lost status Damaged status Not for loan Home library Current library Shelving location Date acquired Total checkouts Full call number Barcode Date last seen Price effective from Koha item type
        Centerville Centerville General stacks 22/03/2026   394.2663 21 BC0011485 22/03/2026 22/03/2026 Books